=LDR 00000nam 2200000 4500 =001 INLIS000000000016999 =005 20130612112215 =008 ***********************************Ind** =035 ##$$0010-061300000016999 =041 ##$$a Ind =082 ##$$a 621.381 =090 ##$$a 621.381, Zan k =100 ##$$a Zam, Efvy Zamitra =245 ##$$a Koleksi rangkaian elektronik audio, Afvy Zamidra Zam =260 ##$$a 2004 $b Surabaya =300 ##$$a 109 hlm, ilus, 21 cm =650 ##$$a Elektronika =850 ##$$a NBPNMAT